| 000 | 00960cam a2200289 4500 | ||
|---|---|---|---|
| 001 | 1265017 | ||
| 003 | OSt | ||
| 005 | 20230704083631.0 | ||
| 008 | 740511s1973 sw b 000 0 eng | ||
| 010 | _a 74164614 | ||
| 015 | _aS73-32/33 | ||
| 040 |
_aDLC _cDLC _dDLC |
||
| 043 | _afe----- | ||
| 082 | 0 | 0 |
_a338.967 _bTAN |
| 100 | 1 |
_aTandon, Yashpal, _d1939- |
|
| 245 | 1 | 0 |
_aTechnical assistance administration in East Africa. _cEd. by Yashpal Tandon. Contributors: Reginald H. Green ... [Publ. by] the Dag Hammarskjöld Foundation. |
| 260 |
_aStockholm, _bAlmqvist & Wiksell, _c1973. |
||
| 300 |
_a209 p. _c21 cm. |
||
| 350 | _akr.30.00 | ||
| 504 | _aIncludes bibliographical references. | ||
| 610 | 2 | 0 |
_aUnited Nations _xTechnical assistance. |
| 650 | 0 |
_aTechnical assistance _zAfrica, East. |
|
| 700 | 1 | _aGreen, Reginald Herbold. | |
| 710 | 2 | _aDag Hammarskjöld Foundation. | |
| 906 |
_a7 _bcbc _corignew _d3 _encip _f19 _gy-gencatlg |
||
| 942 |
_2ddc _cBK |
||
| 999 |
_c3563 _d3563 |
||